00549nam a2200193 a 4500001001300000003000900013005001700022008004100039020000800080082001800088100003600106245004100142260004800183300000900231500003500240505002900275650001500304700003600319nice12345678IN_TiNIC20260116012455.0050524s1983 dela grp 000 0 eng  ac500a346.5406bINS aInst Of Companies Secretaries,  aCompany Secretaries Regulations 1982 aDelhibInst. of Companies Secretariesc1983 a124p aincludes index and biblioraphy2 aGlossary, Biblio., Index aLaws-India1 aInst Of Companies Secretaries,